Tulonamulok prekshyapotot rajnoitik prokriya aru protisthan/ (Record no. 11276)

MARC details
000 -LEADER
fixed length control field 00706nam a22002297a 4500
005 - DATE AND TIME OF LATEST TRANSACTION
control field 20260515114918.0
008 - FIXED-LENGTH DATA ELEMENTS--GENERAL INFORMATION
fixed length control field 220518b ||||| |||| 00| 0 eng d
020 ## - INTERNATIONAL STANDARD BOOK NUMBER
International Standard Book Number 9788194821045
040 ## - CATALOGING SOURCE
Original cataloging agency IN-DiNC
Transcribing agency IN-DiNC
041 ## - LANGUAGE CODE
Language code of sung or spoken text asm
082 ## - DEWEY DECIMAL CLASSIFICATION NUMBER
Classification number 324
Item number TUL
245 ## - TITLE STATEMENT
Title Tulonamulok prekshyapotot rajnoitik prokriya aru protisthan/
Statement of responsibility, etc. by Nabin Gohain and others
250 ## - EDITION STATEMENT
Edition statement 2nd ed.
260 ## - PUBLICATION, DISTRIBUTION, ETC.
Place of publication, distribution, etc. Jorhat:
Name of publisher, distributor, etc. Bidya bhawan,
Date of publication, distribution, etc. 2022.
300 ## - PHYSICAL DESCRIPTION
Extent 319p.
650 ## - SUBJECT ADDED ENTRY--TOPICAL TERM
Topical term or geographic name entry element Political processes and institutions in comparative perspective
700 ## - ADDED ENTRY--PERSONAL NAME
Personal name Gohain, Nabin
Relator term author
700 ## - ADDED ENTRY--PERSONAL NAME
Personal name Borah, Pankaj
Relator term author
700 ## - ADDED ENTRY--PERSONAL NAME
Personal name Gogoi, Tralukya
Relator term author
700 ## - ADDED ENTRY--PERSONAL NAME
Personal name Saikia, Pranjeet
Relator term author
942 ## - ADDED ENTRY ELEMENTS (KOHA)
Source of classification or shelving scheme Dewey Decimal Classification
Koha item type Books
Holdings
Withdrawn status Lost status Source of classification or shelving scheme Damaged status Not for loan Collection Home library Current library Shelving location Date acquired Cost, normal purchase price Total checkouts Full call number Barcode Date last seen Date last checked out Copy number Price effective from Koha item type
    Dewey Decimal Classification       Naharkatiya College Library Naharkatiya College Library General stacks 05/18/2022 300.00 27 324 TUL 28939 11/13/2025 08/26/2025 1 05/18/2022 Books
    Dewey Decimal Classification       Naharkatiya College Library Naharkatiya College Library General stacks 05/18/2022 300.00 23 324 TUL 28940 03/28/2026 03/24/2026 2 05/18/2022 Books
    Dewey Decimal Classification       Naharkatiya College Library Naharkatiya College Library General stacks 05/18/2022 300.00 31 324 TUL 28941 11/11/2025 10/27/2025 3 05/18/2022 Books
    Dewey Decimal Classification       Naharkatiya College Library Naharkatiya College Library General stacks 01/23/2023 300.00 18 324 TUL 29243 05/02/2026 05/02/2026 4 01/23/2023 Books
    Dewey Decimal Classification       Naharkatiya College Library Naharkatiya College Library General stacks 01/23/2023 300.00 18 324 TUL 29244 02/06/2025 01/21/2025 5 01/23/2023 Books
    Dewey Decimal Classification       Naharkatiya College Library Naharkatiya College Library General stacks 01/23/2023 300.00 19 324 TUL 29245 03/28/2025 03/17/2025 6 01/23/2023 Books